Saral saz-saman se vaignanik prayog (Record no. 140893)

MARC details
000 -LEADER
fixed length control field 00698nam a2200241Ia 4500
003 - CONTROL NUMBER IDENTIFIER
control field OSt
005 - DATE AND TIME OF LATEST TRANSACTION
control field 20260220103341.0
008 - FIXED-LENGTH DATA ELEMENTS--GENERAL INFORMATION
fixed length control field 210210b1963 xxu||||| |||| 00| 0 eng d
040 ## - CATALOGING SOURCE
Transcribing agency AL
041 ## - LANGUAGE CODE
Language code of text/sound track or separate title Hindi
082 ## - DEWEY DECIMAL CLASSIFICATION NUMBER
Classification number 463/18
100 ## - MAIN ENTRY--PERSONAL NAME
Personal name GORAKHNATH
Dates associated with a name गोरखनाथ
9 (RLIN) 256042
245 ## - TITLE STATEMENT
Title Saral saz-saman se vaignanik prayog
Remainder of title सरल साज़-सामान से वैज्ञानिक प्रयोग
260 ## - PUBLICATION, DISTRIBUTION, ETC.
Place of publication, distribution, etc. Delhi
Name of publisher, distributor, etc. -
Date of publication, distribution, etc. 1963
650 ## - SUBJECT ADDED ENTRY--TOPICAL TERM
Topical term or geographic name entry element vaignanik
9 (RLIN) 256043
650 ## - SUBJECT ADDED ENTRY--TOPICAL TERM
Topical term or geographic name entry element se
9 (RLIN) 256044
650 ## - SUBJECT ADDED ENTRY--TOPICAL TERM
Topical term or geographic name entry element saz-saman
9 (RLIN) 256045
650 ## - SUBJECT ADDED ENTRY--TOPICAL TERM
Topical term or geographic name entry element Saral
9 (RLIN) 256046
650 ## - SUBJECT ADDED ENTRY--TOPICAL TERM
Topical term or geographic name entry element prayog
9 (RLIN) 256047
690 ## - LOCAL SUBJECT ADDED ENTRY--TOPICAL TERM (OCLC, RLIN)
Topical term or geographic name as entry element Hindi Dictionary
9 (RLIN) 256048
906 ## - LOCAL DATA ELEMENT F, LDF (RLIN)
a 006813
942 ## - ADDED ENTRY ELEMENTS (KOHA)
Source of classification or shelving scheme Dewey Decimal Classification
Koha item type Book
Holdings
Withdrawn status Lost status Source of classification or shelving scheme Damaged status Not for loan Collection code Home library Current library Shelving location Date acquired Cost, normal purchase price Total Checkouts Full call number Barcode Date last seen Price effective from Koha item type
    Dewey Decimal Classification     Kannada St Aloysius Library St Aloysius Library   02/17/2021 0.00   463/18 006813 02/17/2021 02/17/2021 Book